Statistics for 🎧 Guess the Taylor Swift Song with no Hints - 6

Click here to take the quiz!

General Stats

  • This quiz has been taken 41 times
  • The average score is 303 of 434

Answer Stats

Answer% Correct
a
100%
I
100%
the
100%
You
100%
you
100%
be
97%
Is
97%
is
97%
your
97%
And
94%
and
94%
do
94%
in
94%
In
94%
me
94%
when
94%
When
94%
can
91%
All
89%
all
89%
it
89%
like
89%
my
89%
on
89%
see
89%
to
89%
what
89%
But
86%
can't
86%
for
86%
I'm
86%
No
86%
of
86%
this
86%
was
86%
where
86%
go
83%
that
83%
That
83%
There
83%
there
83%
Who
83%
Oh
77%
our
77%
too
77%
we're
77%
at
74%
because
71%
becuase
71%
it's
71%
know
71%
loved
71%
one
71%
by
69%
did
69%
from
69%
From
69%
mine
69%
want
69%
Every
66%
I've
66%
look
66%
didn't
63%
eyes
63%
had
63%
night
63%
now
63%
happiness
60%
these
60%
think
60%
just
57%
things
57%
up
57%
with
57%
down
54%
get
54%
mean
54%
After
51%
after
51%
away
51%
him
51%
man
51%
There'll
51%
true
51%
years
51%
haven't
49%
Honey
49%
into
49%
new
49%
right
49%
shit
49%
above
46%
face
46%
give
46%
good
46%
leave
46%
Leave
46%
Past
46%
Tell
46%
trees
46%
used
46%
would've
46%
believe
43%
Both
43%
great
43%
hurt
43%
hurt?
43%
met
43%
Showed
43%
Sorry
43%
spot
43%
start
43%
through
43%
yet
43%
behind
40%
dancing
40%
disbelief
40%
given
40%
guess
40%
head
40%
hope
40%
lay
40%
lifetime
40%
light
40%
make
40%
making
40%
rain
40%
smile
40%
stopped
40%
best
37%
body
37%
cries
37%
dress
37%
fool
37%
forgiveness
37%
green
37%
heaven
37%
history
37%
hurts
37%
music
37%
next
37%
price
37%
reinvention
37%
seven
37%
she'll
37%
smirk?
37%
spots
37%
takes
37%
villain
37%
acid
34%
beautiful
34%
Begin
34%
blood
34%
deepest
34%
divide
34%
facts
34%
fake
34%
fury
34%
Goddamn
34%
hiding
34%
midnight
34%
paid
34%
pillow
34%
pulled
34%
teaches
34%
wore
34%
Beyond
31%
bruise
31%
curses
31%
dividin'
31%
flickers
31%
leak
31%
niceties
31%
pointed
31%
sunrise
31%
weapons
31%
winning
31%
giving
29%
glorious
29%
Haunted
29%
lessons
29%
nightfall
29%
terror
29%
Across
23%
across
23%
Dappled
23%

Score Distribution

Percentile by Number Answered

Percent of People with Each Score

Your Score History

You have not taken this quiz